|
|
|
|
| LEADER |
01727nam a2200313 a 4500 |
| 001 |
28680 |
| 003 |
BD-DhAAL |
| 005 |
20141210110711.0 |
| 008 |
141210s2012 enkab b 001 0 eng d |
| 010 |
|
|
|a 2011032984
|
| 020 |
|
|
|a 9781405157612 (hardcover : alk. paper)
|
| 020 |
|
|
|a 9781405157650 (pbk. : alk. paper)
|
| 035 |
|
|
|a (OCoLC)ocn742516472
|
| 040 |
|
|
|a DLC
|b eng
|c DLC
|d YDX
|d BTCTA
|d YDXCP
|d CDX
|d BDX
|d DLC
|d BD-DhAAL
|
| 050 |
0 |
0 |
|a BP188.5
|b .G74 2012
|
| 082 |
0 |
0 |
|a 297.409
|2 23
|
| 100 |
1 |
|
|a Green, Nile.
|9 6796
|
| 245 |
1 |
0 |
|a Sufism :
|b a global history /
|c Nile Green.
|
| 260 |
|
|
|a Chichester, West Sussex ;
|a Malden, MA :
|b Wiley-Blackwell,
|c c2012.
|
| 300 |
|
|
|a xxi, 263 p. :
|b ill., maps ;
|c 23 cm.
|
| 504 |
|
|
|a Includes bibliographical references and index.
|
| 505 |
0 |
|
|a Origins, foundations and rivalries (850-1100) -- An Islam of saints and brothers (1100-1400) -- Empires, frontiers and renewers (1400-1800) -- From colonization to globalization (1800-2000) -- Glossary: A Sufi lexicon of Arabic terms.
|
| 541 |
|
|
|e 28680
|
| 650 |
|
0 |
|a Sufism
|x History.
|9 6797
|
| 942 |
|
|
|2 ddc
|c BK
|
| 999 |
|
|
|c 33294
|d 33294
|
| 952 |
|
|
|0 0
|1 0
|2 ddc
|4 0
|6 297_409000000000000_GRE
|7 0
|9 44461
|a BRACUL
|b BRACUL
|c GEN
|d 2014-12-10
|e Karim International
|g 2650.00
|l 2
|m 23
|o 297.409 GRE
|p 3010028680
|r 2025-04-13
|s 2024-11-24
|t 1
|w 2014-12-10
|y BK
|
| 952 |
|
|
|0 0
|1 0
|2 ddc
|4 0
|6 297_409000000000000_GRE
|7 0
|9 44462
|a BRACUL
|b BRACUL
|c GEN
|d 2014-12-10
|e Karim International
|g 2650.00
|l 4
|m 25
|o 297.409 GRE
|p 3010028681
|q 2026-05-04
|r 2025-05-20
|s 2025-05-20
|t 2
|w 2014-12-10
|y BK
|
| 952 |
|
|
|0 0
|1 0
|2 ddc
|4 0
|6 297_409000000000000_GRE
|7 0
|9 44463
|a BRACUL
|b BRACUL
|c GEN
|d 2014-12-10
|e Karim International
|g 2650.00
|l 8
|m 67
|o 297.409 GRE
|p 3010028682
|r 2026-04-19
|s 2025-11-19
|t 3
|w 2014-12-10
|y BK
|